50 biggest cities in the World by flags - Statistics

General Stats
  • This quiz has been taken 53 times
  • The average score is 25 of 50
Answer Stats
Picture Answer % Correct
Manila
86%
Tokyo
83%
Istanbul
81%
Jakarta
81%
Delhi
76%
Dhaka
76%
Shanghai
76%
London
74%
Tehran
74%
Taipei
71%
San Francisco
69%
Seoul
69%
Guangzhou
67%
Los Angeles
64%
Boston
62%
New York City
62%
Singapore
62%
Karachi
60%
Beijing
57%
Cairo
57%
Moscow
57%
Bangkok
55%
Ho Chi Minh
55%
Kuala Lumpur
55%
Lahore
55%
Kinshasa
52%
Lagos
52%
Luanda
52%
Mexico City
50%
Paris
50%
São Paulo
50%
Chicago
45%
Johannesburg
45%
Riyadh
43%
Washington, D.C
43%
Osaka
40%
Buenos Aires
33%
Tianjin
33%
Wuhan
31%
Nagoya
29%
Rio de Janeiro
29%
Bogota
26%
Xiamen
26%
Chongqing
24%
Hangzhou
24%
Lima
21%
Santiago
17%
Shenyang
17%
Chengdu
14%
Shantou
14%
No matching quizzes found
Score Distribution
Percent of People with Each Score
Percentile by Number Answered
Your Score History
You have not taken this quiz